| 000 | 00437cam a2200181 4500 | ||
|---|---|---|---|
| 001 | B72 | ||
| 008 | 090401t1957 xxu||||| |||| 00| 0 eng d | ||
| 035 | _a(Sirsi) u32794 | ||
| 041 | _aeng | ||
| 050 | _a511.4 | ||
| 100 | _aRainsford, Hume F | ||
| 245 | _aSurvey adjustment and least squares | ||
| 260 |
_aLondon _bConstable & Company Ltd _c1957 |
||
| 300 | _aviii,326p. ; 24cm. | ||
| 350 | _a2.5 | ||
| 942 | _n0 | ||
| 948 | _c04/03/1997 | ||
| 999 |
_c89760 _d89760 |
||